ბათუმის შოთა რუსთაველის სახელმწიფო უნივერსიტეტის ბიბლიოთეკა

პროექტი (საფეხბურთო ლიგის მაგალითზე):როდესაც სპორტი ცვლის სამყაროს (ბიბ.ჩანაწერი № 51630)

000 -LEADER
fixed length control field 01368nam a2200217Ia 4500
001 - CONTROL NUMBER
control field 18621
003 - CONTROL NUMBER IDENTIFIER
control field GE_BSU
008 - FIXED-LENGTH DATA ELEMENTS--GENERAL INFORMATION
fixed length control field 181216s||||||||xx |||||||||||||| ||und||
040 ## - CATALOGING SOURCE
Transcribing agency GE_BSU
080 ## - UNIVERSAL DECIMAL CLASSIFICATION NUMBER
Universal Decimal Classification number 796+373
100 ## - MAIN ENTRY--PERSONAL NAME
Personal name აბულაძე,ოთარ
245 ## - TITLE STATEMENT
Title პროექტი (საფეხბურთო ლიგის მაგალითზე):როდესაც სპორტი ცვლის სამყაროს
260 ## - PUBLICATION, DISTRIBUTION, ETC.
Place of publication, distribution, etc. თბილისი
260 ## - PUBLICATION, DISTRIBUTION, ETC.
Date of publication, distribution, etc. 2016
300 ## - PHYSICAL DESCRIPTION
Extent 32გვ.27სმ.ილ.
520 ## - SUMMARY, ETC.
Summary, etc. სასკოლო/საუნივერსიტეტო/სამოყვარულო სპორტული ღონისძიებების (გუნდური სახეობები)გამართვის ზოგადი ნიმუში.
653 ## - INDEX TERM--UNCONTROLLED
Uncontrolled term პროექტი (საფეხბურთო ლიგის მაგალითზე)
653 ## - INDEX TERM--UNCONTROLLED
Uncontrolled term როდესაც სპორტი ცვლის სამყაროს
653 ## - INDEX TERM--UNCONTROLLED
Uncontrolled term სასკოლო/საუნივერსიტეტო/სამოყვარულო სპორტული ღონისძიებების (გუნდური სახეობები)გამართვის ზოგადი ნიმუში
942 ## - ADDED ENTRY ELEMENTS (KOHA)
Koha item type წიგნი
ეგზემპლარები
Withdrawn status Lost status Damaged status Not for loan Date acquired Barcode Date last seen Price effective from Koha item type
        2018-12-17 48150 2018-12-17 2018-12-17 წიგნი